Teoría de la comunicación humana. Interacciones, patologías y paradojas
Saved in:
| Main Authors: | , , |
|---|---|
| Format: | Bog |
| Sprog: | spansk |
| Udgivet: |
Barcelona, España
Herder
1981
|
| Udgivelse: | 1a. ed |
| Fag: | |
| Online adgang: | Disponible Online |
| Tags: |
Tilføj Tag
Ingen Tags, Vær først til at tagge denne postø!
|
MARC
| LEADER | 00000cam a2200000 a 4500 | ||
|---|---|---|---|
| 001 | UCD0930 | ||
| 003 | CL-VaPUC | ||
| 005 | 20210526001453.0 | ||
| 008 | 151231e19810000sp |||||||||||||||||spa|d | ||
| 999 | |c 362367 |d 362365 | ||
| 020 | |a 9788425412059 | ||
| 040 | |c Pontificia Universidad Católica de Valparaíso | ||
| 082 | 0 | 4 | |a 302.2 WAT 1981 |2 21 |
| 100 | 0 | |a Watzlawick, Paul |e author |9 583960 | |
| 245 | 1 | 0 | |a Teoría de la comunicación humana. |b Interacciones, patologías y paradojas |
| 250 | |a 1a. ed | ||
| 260 | |a Barcelona, España |b Herder |c 1981 | ||
| 300 | |a 262 páginas | ||
| 583 | |a last modification |c 20151231 00:34:00 |k Rodrigo Vera | ||
| 650 | 0 | |a Teoría de la comunicación |9 260752 | |
| 650 | 0 | |a Interacción social |9 307764 | |
| 650 | 0 | |a Ciencias sociales |9 256351 | |
| 650 | 0 | |a Relaciones humanas |9 307340 | |
| 700 | 0 | |a Bavelas, Janet Beavin |e author |9 583961 | |
| 700 | 0 | |a Jackson, Don D |e author |9 583962 | |
| 856 | |u http://bibliografiadigital.pucv.cl.pucv.idm.oclc.org/index.php/bibliotecapucv/catalog/book/446 |y Disponible Online | ||
| 942 | |c BK |2 ddc | ||
| 945 | |d 20151231 00:34:00 |a dcastane | ||
| 952 | |0 0 |1 0 |3 erb |4 0 |6 302_200000000000000_WAT_1981 |7 0 |8 R |9 473472 |a BIBGIM |b BIBGIM |i 5258189 |o 302.2 WAT 1981 |p 5258189 |r 2025-01-15 |w 2019-11-24 |y BK_R |z Catalogado en:20151231 |k SSL | ||
| 952 | |0 0 |1 0 |3 erb |4 0 |6 302_200000000000000_WAT_1981 |7 0 |8 R |9 473473 |a BIBGIM |b BIBGIM |i 5258197 |o 302.2 WAT 1981 |p 5258197 |r 2025-01-15 |w 2019-11-24 |y BK_R |z Catalogado en:20151231 |k SSL | ||
| 952 | |0 0 |1 0 |3 erb |4 0 |6 302_200000000000000_WAT_1981 |7 0 |8 R |9 473474 |a BIBGIM |b BIBGIM |i 5258200 |o 302.2 WAT 1981 |p 5258200 |r 2025-01-15 |w 2019-11-24 |y BK_R |z Catalogado en:20151231 |k SSL | ||
| 952 | |0 0 |1 0 |3 erb |4 0 |6 302_200000000000000_WAT_1981 |7 0 |8 R |9 473475 |a BIBGIM |b BIBGIM |i 5258219 |l 1 |o 302.2 WAT 1981 |p 5258219 |r 2025-01-15 |s 2024-10-21 |w 2019-11-24 |y BK_R |z Catalogado en:20151231 |k SSL | ||
| 952 | |0 0 |1 0 |3 erb |4 0 |6 302_200000000000000_WAT_1981 |7 0 |8 R |9 473476 |a BIBGIM |b BIBGIM |i 5258227 |o 302.2 WAT 1981 |p 5258227 |r 2025-01-15 |w 2019-11-24 |y BK_R |z Catalogado en:20151231 |k SSL | ||